[Event "DVM U20 2019"]
[Site "Braunschweig GER"]
[Date "2019.12.28"]
[Round "3"]
[White "Kartsev, Nikolay"]
[Black "Engel, Robert"]
[Result "1/2-1/2"]
[Termination "normal"]
[Board "1.3"]
[WhiteElo "2092"]
[BlackElo "2075"]
[WhiteClock "00:26:40"]
[BlackClock "00:24:41"]
[WhiteTeam "SF Brackel"]
[BlackTeam "Hamburger SK"]
[PlyCount "90"]
[WhiteFideId "12939536"]
[BlackFideId "12974684"]
[EventCountry "GER"]
[EventRounds "7"]
[EventType "team-swiss"]
[EventDate "2019.12.26"]

1. e4 {[%clk 1:30:12]} c5 {[%clk 1:30:56]} 2. Nf3 {[%clk 1:30:37]} d6 {[%clk
1:31:22]} 3. c3 {[%clk 1:30:59]} Nf6 {[%clk 1:31:18]} 4. h3 {[%clk 1:31:23]} e6
{[%clk 1:26:27]} 5. Bd3 {[%clk 1:29:13]} Nbd7 6. Bc2 b6 {[%clk 1:22:19]} 7. O-O
{[%clk 1:28:19]} Bb7 {[%clk 1:22:29]} 8. Re1 {[%clk 1:28:31]} Rc8 {[%clk
1:15:36]} 9. d3 {[%clk 1:27:24]} Be7 {[%clk 1:14:02]} 10. Nbd2 {[%clk 1:27:45]}
O-O {[%clk 1:11:06]} 11. Nf1 {[%clk 1:28:11]} b5 12. Bd2 {[%clk 1:17:05]} Ne5
{[%clk 0:41:02]} 13. a4 {[%clk 1:09:52]} a6 {[%clk 0:37:24]} 14. axb5 {[%clk
1:08:01]} axb5 {[%clk 0:37:21]} 15. N1h2 {[%clk 1:01:20]} Qc7 {[%clk 0:30:09]}
16. Nxe5 {[%clk 0:49:07]} dxe5 {[%clk 0:30:32]} 17. g4 {[%clk 0:49:33]} Nd7
{[%clk 0:22:19]} 18. c4 {[%clk 0:45:19]} b4 {[%clk 0:18:02]} 19. g5 {[%clk
0:40:42]} Nb8 {[%clk 0:17:49]} 20. Qh5 {[%clk 0:33:15]} Nc6 {[%clk 0:17:47]}
21. Be3 {[%clk 0:27:07]} Nd4 {[%clk 0:16:01]} 22. Bxd4 {[%clk 0:27:22]} exd4
{[%clk 0:16:03]} 23. e5 {[%clk 0:26:21]} Ra8 {[%clk 0:06:42]} 24. Rab1 {[%clk
0:26:25]} Qd8 {[%clk 0:05:00]} 25. h4 {[%clk 0:24:28]} g6 {[%clk 0:05:18]} 26.
Qg4 {[%clk 0:14:51]} h5 {[%clk 0:05:32]} 27. Qf4 {[%clk 0:13:32]} Qb6 {[%clk
0:04:53]} 28. Bd1 {[%clk 0:13:24]} Ra2 {[%clk 0:04:11]} 29. Bf3 {[%clk
0:12:14]} Bxf3 {[%clk 0:04:20]} 30. Nxf3 {[%clk 0:12:16]} b3 {[%clk 0:04:21]}
31. Nd2 {[%clk 0:11:38]} Qb4 {[%clk 0:04:26]} 32. Red1 {[%clk 0:11:16]} Rfa8
{[%clk 0:03:23]} 33. Ne4 {[%clk 0:10:52]} Qb7 {[%clk 0:02:48]} 34. Kh2 {[%clk
0:09:35]} Kg7 {[%clk 0:03:05]} 35. Rg1 {[%clk 0:09:52]} R8a7 {[%clk 0:02:24]}
36. Nf6 {[%clk 0:04:03]} Qa8 {[%clk 0:01:09]} 37. Qe4 {[%clk 0:01:28]} Bxf6
{[%clk 0:01:07]} 38. gxf6+ {[%clk 0:01:50]} Kh7 {[%clk 0:01:07]} 39. Qxa8
{[%clk 0:01:14]} Rxa8 {[%clk 0:01:36]} 40. Kg3 {[%clk 0:00:45]} Kh6 {[%clk
0:01:12]} 41. f4 {[%clk 0:00:40]} R8a6 {[%clk 0:00:31]} 42. Kf3 {[%clk
0:27:42]} Ra7 {[%clk 0:25:41]} 43. Ke4 {[%clk 0:27:44]} R7a6 {[%clk 0:25:49]}
44. Rge1 {[%clk 0:26:39]} Ra8 {[%clk 0:24:19]} 45. Rg1 {[%clk 0:26:40]} R8a6
{[%clk 0:24:41]} *

[Event "DVM U20 2019"]
[Site "Braunschweig GER"]
[Date "2019.12.28"]
[Round "3"]
[White "Meyling, Lennart"]
[Black "Garbuz, Vitaliy"]
[Result "1-0"]
[Termination "normal"]
[Board "1.4"]
[WhiteElo "1955"]
[BlackElo "2064"]
[WhiteClock "01:15:02"]
[BlackClock "00:19:20"]
[WhiteTeam "Hamburger SK"]
[BlackTeam "SF Brackel"]
[PlyCount "53"]
[WhiteFideId "12947130"]
[BlackFideId "12990710"]
[EventCountry "GER"]
[EventRounds "7"]
[EventType "team-swiss"]
[EventDate "2019.12.26"]

1. d4 {[%clk 1:30:58]} d5 {[%clk 1:30:54]} 2. c4 {[%clk 1:31:20]} c6 {[%clk
1:30:26]} 3. Nc3 {[%clk 1:31:40]} e6 {[%clk 1:30:48]} 4. cxd5 {[%clk 1:32:03]}
exd5 {[%clk 1:31:04]} 5. Qc2 {[%clk 1:32:14]} Nf6 {[%clk 1:30:21]} 6. Bg5
{[%clk 1:32:33]} Be7 {[%clk 1:30:38]} 7. e3 {[%clk 1:32:51]} Bg4 {[%clk
1:29:03]} 8. Bd3 {[%clk 1:32:54]} Bh5 {[%clk 1:24:52]} 9. Nf3 {[%clk 1:31:48]}
Nbd7 {[%clk 1:23:07]} 10. Nh4 {[%clk 1:27:35]} Bg6 {[%clk 1:10:36]} 11. Nf5
{[%clk 1:23:32]} Bxf5 {[%clk 1:09:20]} 12. Bxf5 {[%clk 1:23:43]} Nh5 {[%clk
1:01:06]} 13. Bxe7 {[%clk 1:24:01]} Qxe7 {[%clk 1:01:27]} 14. O-O {[%clk
1:24:06]} g6 {[%clk 1:00:17]} 15. Bd3 {[%clk 1:21:54]} f5 {[%clk 0:59:12]} 16.
g3 {[%clk 1:22:20]} O-O {[%clk 0:59:01]} 17. b4 {[%clk 1:21:42]} a6 {[%clk
0:58:58]} 18. a4 {[%clk 1:21:39]} b5 {[%clk 0:49:51]} 19. axb5 {[%clk 1:21:52]}
axb5 {[%clk 0:49:57]} 20. Ne2 {[%clk 1:18:34]} Qd6 {[%clk 0:47:56]} 21. Rfc1
{[%clk 1:16:44]} Rxa1 {[%clk 0:47:09]} 22. Rxa1 {[%clk 1:17:07]} Nb6 {[%clk
0:47:30]} 23. Qc5 {[%clk 1:15:53]} Qxc5 {[%clk 0:44:28]} 24. dxc5 {[%clk
1:16:05]} Na4 {[%clk 0:27:43]} 25. Nd4 {[%clk 1:15:16]} Nb2 {[%clk 0:18:55]}
26. Be2 {[%clk 1:15:24]} Rf6 {[%clk 0:19:20]} 27. Ra6 {[%clk 1:15:02]} 1-0

[Event "DVM U20 2019"]
[Site "Braunschweig GER"]
[Date "2019.12.28"]
[Round "3"]
[White "Elier, Ali"]
[Black "Fuhrmann, Äke"]
[Result "1-0"]
[Termination "normal"]
[Board "1.5"]
[WhiteElo "2032"]
[BlackElo "1879"]
[WhiteClock "00:16:09"]
[BlackClock "00:32:14"]
[WhiteTeam "SF Brackel"]
[BlackTeam "Hamburger SK"]
[PlyCount "101"]
[WhiteFideId "16217543"]
[BlackFideId "12983853"]
[EventCountry "GER"]
[EventRounds "7"]
[EventType "team-swiss"]
[EventDate "2019.12.26"]

1. e4 {[%clk 1:30:57]} c5 {[%clk 1:30:51]} 2. d4 {[%clk 1:31:04]} cxd4 {[%clk
1:30:50]} 3. c3 {[%clk 1:31:28]} Nf6 {[%clk 1:30:55]} 4. e5 {[%clk 1:31:53]}
Nd5 {[%clk 1:31:17]} 5. Nf3 {[%clk 1:32:18]} Nc6 {[%clk 1:31:22]} 6. Bc4 {[%clk
1:32:43]} Nb6 {[%clk 1:31:01]} 7. Bb3 {[%clk 1:33:08]} d5 {[%clk 1:30:52]} 8.
exd6 {[%clk 1:33:32]} Qxd6 {[%clk 1:31:17]} 9. Na3 {[%clk 1:33:55]} a6 {[%clk
1:31:35]} 10. cxd4 {[%clk 1:34:01]} Be6 {[%clk 1:11:14]} 11. O-O {[%clk
1:32:12]} Bxb3 {[%clk 1:07:34]} 12. Qxb3 {[%clk 1:31:48]} Qb4 {[%clk 1:07:49]}
13. Qd3 {[%clk 1:28:32]} e6 {[%clk 1:06:23]} 14. Bd2 {[%clk 1:26:45]} Qd6
{[%clk 1:02:09]} 15. Qb3 {[%clk 1:12:57]} Nb4 {[%clk 0:58:26]} 16. Rac1 {[%clk
1:12:30]} N4d5 {[%clk 0:55:51]} 17. Ne5 {[%clk 1:10:48]} Be7 {[%clk 0:53:33]}
18. Nac4 {[%clk 0:57:37]} Nxc4 {[%clk 0:53:03]} 19. Nxc4 {[%clk 0:54:57]} Qd7
{[%clk 0:51:56]} 20. Nb6 {[%clk 0:40:31]} Nxb6 {[%clk 0:52:15]} 21. Qxb6 {[%clk
0:40:57]} O-O {[%clk 0:52:03]} 22. Rc7 {[%clk 0:36:42]} Bd8 {[%clk 0:50:21]}
23. Rxd7 {[%clk 0:36:46]} Bxb6 {[%clk 0:50:42]} 24. Rxb7 {[%clk 0:26:28]} Bxd4
{[%clk 0:50:57]} 25. b4 {[%clk 0:20:57]} Rfc8 {[%clk 0:48:57]} 26. Be3 {[%clk
0:18:14]} Bxe3 {[%clk 0:46:20]} 27. fxe3 {[%clk 0:18:40]} f6 {[%clk 0:46:35]}
28. Rd1 {[%clk 0:18:30]} Rd8 {[%clk 0:46:53]} 29. Rxd8+ {[%clk 0:14:08]} Rxd8
{[%clk 0:47:13]} 30. Ra7 {[%clk 0:13:42]} Rd6 {[%clk 0:39:56]} 31. Kf2 {[%clk
0:13:59]} h5 {[%clk 0:39:41]} 32. Ke2 {[%clk 0:14:12]} Kh7 {[%clk 0:38:14]} 33.
Rb7 {[%clk 0:13:02]} Kg6 {[%clk 0:36:42]} 34. a4 {[%clk 0:13:27]} Kf5 {[%clk
0:36:40]} 35. a5 {[%clk 0:13:00]} g5 {[%clk 0:36:32]} 36. Rb6 {[%clk 0:13:21]}
Ke5 {[%clk 0:36:55]} 37. b5 {[%clk 0:12:23]} axb5 {[%clk 0:36:37]} 38. Rxb5+
{[%clk 0:12:49]} Rd5 {[%clk 0:36:58]} 39. Rxd5+ {[%clk 0:13:03]} Kxd5 {[%clk
0:37:23]} 40. Kd3 {[%clk 0:12:54]} Kc5 {[%clk 0:32:33]} 41. e4 {[%clk 0:12:51]}
Kb5 {[%clk 0:32:42]} 42. Kd4 {[%clk 0:13:16]} Kxa5 {[%clk 0:29:54]} 43. Kc5
{[%clk 0:13:41]} f5 {[%clk 0:30:13]} 44. exf5 {[%clk 0:13:58]} exf5 {[%clk
0:30:38]} 45. Kd5 {[%clk 0:14:19]} f4 {[%clk 0:31:01]} 46. Ke5 {[%clk 0:14:38]}
f3 {[%clk 0:31:20]} 47. gxf3 {[%clk 0:15:04]} g4 {[%clk 0:31:44]} 48. fxg4
{[%clk 0:14:54]} hxg4 {[%clk 0:32:09]} 49. Kf4 {[%clk 0:15:21]} Kb5 {[%clk
0:31:47]} 50. Kxg4 {[%clk 0:15:47]} Kc6 {[%clk 0:32:14]} 51. Kf5 {[%clk
0:16:09]} 1-0

[Event "DVM U20 2019"]
[Site "Braunschweig GER"]
[Date "2019.12.28"]
[Round "3"]
[White "Foo, Tzun Hong"]
[Black "Seref, Erdogan"]
[Result "0-1"]
[Termination "normal"]
[Board "1.6"]
[WhiteElo "1829"]
[BlackElo "2003"]
[WhiteClock "00:14:52"]
[BlackClock "00:30:31"]
[WhiteTeam "Hamburger SK"]
[BlackTeam "SF Brackel"]
[PlyCount "90"]
[WhiteFideId "12974200"]
[BlackFideId "16206827"]
[EventCountry "GER"]
[EventRounds "7"]
[EventType "team-swiss"]
[EventDate "2019.12.26"]

1. e4 {[%clk 1:30:54]} e5 {[%clk 1:30:50]} 2. Nf3 {[%clk 1:31:18]} Nc6 {[%clk
1:31:13]} 3. Bb5 {[%clk 1:31:38]} a6 {[%clk 1:31:36]} 4. Ba4 {[%clk 1:32:01]}
Nf6 {[%clk 1:31:59]} 5. O-O {[%clk 1:31:58]} Be7 {[%clk 1:32:23]} 6. Re1 {[%clk
1:31:27]} b5 {[%clk 1:32:35]} 7. Bb3 {[%clk 1:31:50]} O-O {[%clk 1:32:57]} 8.
c3 {[%clk 1:29:13]} d6 {[%clk 1:33:20]} 9. h3 {[%clk 1:29:14]} Re8 {[%clk
1:33:42]} 10. d4 {[%clk 1:21:34]} Bb7 {[%clk 1:34:03]} 11. Nbd2 {[%clk
1:19:49]} h6 {[%clk 1:32:23]} 12. Nf1 {[%clk 1:17:58]} Bf8 {[%clk 1:30:10]} 13.
Ng3 {[%clk 1:17:44]} Qd7 {[%clk 1:20:50]} 14. Bc2 {[%clk 1:12:24]} Rad8 {[%clk
1:15:43]} 15. a3 {[%clk 0:56:05]} Qc8 {[%clk 1:14:14]} 16. Be3 {[%clk 0:34:57]}
Qa8 {[%clk 1:12:24]} 17. d5 {[%clk 0:27:16]} Nb8 {[%clk 1:12:43]} 18. b3 {[%clk
0:24:25]} Nbd7 {[%clk 1:11:35]} 19. Nh2 {[%clk 0:20:44]} c6 {[%clk 1:08:57]}
20. c4 {[%clk 0:19:42]} Rc8 {[%clk 1:02:15]} 21. Ng4 {[%clk 0:16:01]} a5 {[%clk
0:58:25]} 22. a4 {[%clk 0:15:57]} cxd5 {[%clk 0:55:34]} 23. cxd5 {[%clk
0:15:52]} b4 {[%clk 0:55:10]} 24. Nf5 {[%clk 0:10:19]} Rc7 {[%clk 0:51:35]} 25.
Ra2 {[%clk 0:07:03]} Rec8 {[%clk 0:49:03]} 26. Bb1 {[%clk 0:05:52]} Kh8 {[%clk
0:40:47]} 27. Qf3 {[%clk 0:04:22]} Nxg4 {[%clk 0:35:13]} 28. hxg4 {[%clk
0:04:32]} Rc3 {[%clk 0:33:25]} 29. g5 {[%clk 0:03:21]} hxg5 {[%clk 0:32:36]}
30. Qh5+ {[%clk 0:02:42]} Kg8 {[%clk 0:32:58]} 31. Qxg5 {[%clk 0:02:46]} R8c7
{[%clk 0:26:13]} 32. Nh6+ {[%clk 0:01:42]} Kh7 {[%clk 0:26:30]} 33. Nxf7 {[%clk
0:01:39]} Nf6 {[%clk 0:20:01]} 34. Qh4+ {[%clk 0:01:48]} Kg8 {[%clk 0:19:23]}
35. Ng5 {[%clk 0:01:38]} Rxb3 {[%clk 0:15:48]} 36. Kh2 {[%clk 0:01:02]} Qe8
{[%clk 0:14:37]} 37. g4 {[%clk 0:00:37]} Bc8 {[%clk 0:14:15]} 38. f3 {[%clk
0:00:41]} Qg6 {[%clk 0:10:48]} 39. Kg2 {[%clk 0:00:56]} Nh7 {[%clk 0:09:44]}
40. Rh1 {[%clk 0:00:33]} Nxg5 {[%clk 0:08:54]} 41. Bxg5 {[%clk 0:00:42]} Ba6
{[%clk 0:02:27]} 42. f4 {[%clk 0:26:56]} Rxb1 {[%clk 0:29:19]} 43. Qh8+ {[%clk
0:14:21]} Kf7 {[%clk 0:29:41]} 44. f5 {[%clk 0:14:32]} Qxg5 {[%clk 0:30:06]}
45. Rxb1 {[%clk 0:14:52]} Qxg4+ {[%clk 0:30:31]} *

[Event "DVM U20 2019"]
[Site "Braunschweig GER"]
[Date "2019.12.28"]
[Round "3"]
[White "Stelmaszyk, Nico"]
[Black "Goldbeck, Lars"]
[Result "1/2-1/2"]
[Termination "normal"]
[Board "2.1"]
[WhiteElo "2194"]
[BlackElo "2312"]
[WhiteClock "00:20:56"]
[BlackClock "00:29:16"]
[WhiteTeam "SK Lehrte"]
[BlackTeam "SC Bavaria Regensburg"]
[PlyCount "84"]
[WhiteFideId "16200462"]
[BlackFideId "16208188"]
[EventCountry "GER"]
[EventRounds "7"]
[EventType "team-swiss"]
[EventDate "2019.12.26"]

1. e4 {[%clk 1:30:57]} c6 {[%clk 1:30:55]} 2. d4 {[%clk 1:31:20]} d5 {[%clk
1:31:19]} 3. exd5 {[%clk 1:31:46]} cxd5 {[%clk 1:31:47]} 4. c4 {[%clk 1:32:09]}
Nf6 {[%clk 1:32:13]} 5. Nc3 {[%clk 1:32:30]} Nc6 {[%clk 1:32:38]} 6. Bg5 {[%clk
1:32:56]} Be6 {[%clk 1:29:35]} 7. Nf3 {[%clk 1:33:17]} g6 {[%clk 1:29:17]} 8.
Bxf6 {[%clk 1:31:51]} exf6 {[%clk 1:29:44]} 9. c5 {[%clk 1:32:14]} Bh6 {[%clk
1:22:42]} 10. Bd3 {[%clk 1:25:57]} O-O {[%clk 1:22:52]} 11. O-O {[%clk
1:26:17]} Qd7 {[%clk 1:18:52]} 12. Rb1 {[%clk 1:22:49]} Rad8 {[%clk 1:03:39]}
13. b4 {[%clk 1:17:01]} a6 {[%clk 1:01:50]} 14. a4 {[%clk 1:17:06]} Bg4 {[%clk
0:53:55]} 15. Be2 {[%clk 1:15:52]} a5 {[%clk 0:51:36]} 16. bxa5 {[%clk
1:01:06]} Nxa5 {[%clk 0:51:52]} 17. h3 {[%clk 1:00:53]} Be6 {[%clk 0:48:30]}
18. Rb5 {[%clk 0:58:02]} Ra8 {[%clk 0:48:36]} 19. Rb6 {[%clk 0:57:29]} Bf4
{[%clk 0:47:27]} 20. Re1 {[%clk 0:47:13]} Kg7 {[%clk 0:44:40]} 21. Nd2 {[%clk
0:37:36]} Bc7 {[%clk 0:36:28]} 22. Rb5 {[%clk 0:36:42]} Rfd8 {[%clk 0:34:53]}
23. Nf1 {[%clk 0:35:46]} Nc6 {[%clk 0:28:06]} 24. Bf3 {[%clk 0:31:26]} Ba5
{[%clk 0:28:02]} 25. Re3 {[%clk 0:31:15]} f5 {[%clk 0:26:15]} 26. Ne2 {[%clk
0:29:50]} Bc7 {[%clk 0:23:20]} 27. Reb3 {[%clk 0:27:17]} Ra7 {[%clk 0:22:49]}
28. Nc3 {[%clk 0:24:31]} Na5 {[%clk 0:18:48]} 29. Rb1 {[%clk 0:22:43]} Nc4
{[%clk 0:17:03]} 30. Qb3 {[%clk 0:22:29]} g5 {[%clk 0:15:44]} 31. Nd1 {[%clk
0:11:07]} f4 {[%clk 0:10:43]} 32. Qc3 {[%clk 0:08:34]} Qc8 {[%clk 0:08:56]} 33.
Be2 {[%clk 0:08:28]} f6 {[%clk 0:07:03]} 34. Bxc4 {[%clk 0:08:12]} dxc4 {[%clk
0:07:32]} 35. Nb2 {[%clk 0:08:18]} Bd5 {[%clk 0:07:02]} 36. Nxc4 {[%clk
0:07:23]} Rxa4 {[%clk 0:06:58]} 37. Nb6 {[%clk 0:05:14]} Bxb6 {[%clk 0:07:27]}
38. Rxb6 {[%clk 0:05:36]} Bc6 {[%clk 0:07:03]} 39. R6b4 {[%clk 0:05:17]} Rxb4
{[%clk 0:06:06]} 40. Rxb4 {[%clk 0:05:19]} f3 {[%clk 0:04:59]} 41. gxf3 {[%clk
0:24:05]} Qxh3 {[%clk 0:33:31]} 42. Ng3 {[%clk 0:20:56]} Qe6 {[%clk 0:29:16]} *

[Event "DVM U20 2019"]
[Site "Braunschweig GER"]
[Date "2019.12.28"]
[Round "3"]
[White "Dechant, Georg"]
[Black "Dornieden, Jonas"]
[Result "0-1"]
[Termination "normal"]
[Board "2.4"]
[WhiteElo "2065"]
[BlackElo "1912"]
[WhiteClock "00:06:17"]
[BlackClock "00:02:21"]
[WhiteTeam "SC Bavaria Regensburg"]
[BlackTeam "SK Lehrte"]
[PlyCount "98"]
[WhiteFideId "12956716"]
[BlackFideId "1336460"]
[EventCountry "GER"]
[EventRounds "7"]
[EventType "team-swiss"]
[EventDate "2019.12.26"]

1. e4 {[%clk 1:30:57]} c6 {[%clk 1:30:56]} 2. d4 {[%clk 1:31:24]} d5 {[%clk
1:31:22]} 3. e5 {[%clk 1:31:50]} Bf5 {[%clk 1:31:48]} 4. Nf3 {[%clk 1:32:16]}
e6 {[%clk 1:32:14]} 5. Be2 {[%clk 1:32:42]} c5 {[%clk 1:32:39]} 6. O-O {[%clk
1:32:21]} Nc6 {[%clk 1:33:02]} 7. Be3 {[%clk 1:31:55]} Qb6 {[%clk 1:30:20]} 8.
Nc3 {[%clk 1:29:25]} Qxb2 {[%clk 1:26:09]} 9. Nb5 {[%clk 1:29:48]} c4 {[%clk
1:25:58]} 10. Nc7+ {[%clk 0:57:54]} Kd7 {[%clk 1:24:16]} 11. Nxa8 {[%clk
0:57:59]} Bxc2 {[%clk 1:24:13]} 12. Qc1 {[%clk 0:57:44]} Ba3 {[%clk 1:24:04]}
13. Ne1 {[%clk 0:55:54]} Bg6 {[%clk 1:16:08]} 14. Qd1 {[%clk 0:55:31]} b5
{[%clk 1:01:42]} 15. h4 {[%clk 0:48:08]} h5 {[%clk 0:56:53]} 16. Bd3 {[%clk
0:46:43]} cxd3 {[%clk 0:47:29]} 17. Rb1 {[%clk 0:47:08]} Qe2 {[%clk 0:38:09]}
18. Qb3 {[%clk 0:47:28]} b4 {[%clk 0:37:41]} 19. Rd1 {[%clk 0:39:23]} Nge7
{[%clk 0:33:08]} 20. Qa4 {[%clk 0:23:42]} Rxa8 {[%clk 0:30:59]} 21. Bg5 {[%clk
0:17:26]} Nc8 {[%clk 0:24:44]} 22. Rd2 {[%clk 0:13:58]} Qg4 {[%clk 0:16:34]}
23. Qb5 {[%clk 0:11:50]} Rb8 {[%clk 0:15:29]} 24. Qc5 {[%clk 0:10:25]} Qxd4
{[%clk 0:14:47]} 25. Qf8 {[%clk 0:10:51]} N8e7 {[%clk 0:10:07]} 26. Qxg7 {[%clk
0:11:12]} Rg8 {[%clk 0:09:57]} 27. Qf6 {[%clk 0:10:46]} Qxe5 {[%clk 0:08:49]}
28. Qf3 {[%clk 0:10:44]} Nd4 {[%clk 0:04:09]} 29. Qh3 {[%clk 0:11:00]} Ne2+
{[%clk 0:03:34]} 30. Kh1 {[%clk 0:11:26]} f6 {[%clk 0:03:11]} 31. Nxd3 {[%clk
0:10:59]} Bxd3 {[%clk 0:02:22]} 32. Qxd3 {[%clk 0:11:09]} Nc3 {[%clk 0:02:30]}
33. Bh6 {[%clk 0:06:29]} Qe4 {[%clk 0:02:23]} 34. Qh3 {[%clk 0:06:54]} Nf5
{[%clk 0:02:05]} 35. Be3 {[%clk 0:05:32]} Qxh4 {[%clk 0:01:31]} 36. Qxh4 {[%clk
0:05:29]} Nxh4 {[%clk 0:01:57]} 37. Bxa7 {[%clk 0:05:50]} Rxg2 {[%clk 0:01:14]}
38. Bd4 {[%clk 0:05:55]} Rh2+ {[%clk 0:01:22]} 39. Kxh2 {[%clk 0:06:17]} Nf3+
{[%clk 0:01:48]} 40. Kh3 {[%clk 0:06:38]} Nxd2 {[%clk 0:02:09]} 41. Rg1 {[%clk
0:07:01]} e5 {[%clk 0:02:06]} 42. Bc5 {[%clk 0:05:45]} Nde4 {[%clk 0:02:05]}
43. Rg7+ {[%clk 0:05:44]} Ke6 {[%clk 0:02:05]} 44. Bf8 {[%clk 0:06:08]} Nxf2+
{[%clk 0:01:36]} 45. Kh4 {[%clk 0:06:35]} d4 {[%clk 0:01:21]} 46. Kxh5 {[%clk
0:06:14]} d3 {[%clk 0:01:25]} 47. Re7+ {[%clk 0:06:26]} Kf5 {[%clk 0:01:45]}
48. Rd7 {[%clk 0:06:41]} Ke4 {[%clk 0:02:08]} 49. Bc5 {[%clk 0:06:17]} Nd5
{[%clk 0:02:21]} 0-1

[Event "DVM U20 2019"]
[Site "Braunschweig GER"]
[Date "2019.12.28"]
[Round "3"]
[White "Brockmeyer, Tobias"]
[Black "Gabler, Eric"]
[Result "0-1"]
[Termination "normal"]
[Board "2.5"]
[WhiteElo "1902"]
[BlackElo "2064"]
[WhiteClock "00:11:05"]
[BlackClock "00:20:37"]
[WhiteTeam "SK Lehrte"]
[BlackTeam "SC Bavaria Regensburg"]
[PlyCount "70"]
[WhiteFideId "12982385"]
[BlackFideId "12949841"]
[EventCountry "GER"]
[EventRounds "7"]
[EventType "team-swiss"]
[EventDate "2019.12.26"]

1. d4 {[%clk 1:30:58]} Nf6 {[%clk 1:30:53]} 2. c4 {[%clk 1:31:26]} e6 {[%clk
1:31:17]} 3. Nc3 {[%clk 1:31:51]} Bb4 {[%clk 1:31:14]} 4. f3 {[%clk 1:32:19]}
d5 {[%clk 1:30:56]} 5. a3 {[%clk 1:32:42]} Bxc3+ {[%clk 1:30:55]} 6. bxc3
{[%clk 1:33:11]} c5 {[%clk 1:28:14]} 7. cxd5 {[%clk 1:33:34]} exd5 {[%clk
1:27:34]} 8. e3 {[%clk 1:34:03]} O-O {[%clk 1:26:49]} 9. Bd3 {[%clk 1:34:27]}
Nc6 {[%clk 1:23:02]} 10. Ne2 {[%clk 1:34:43]} Re8 {[%clk 1:14:51]} 11. O-O
{[%clk 1:35:00]} b6 {[%clk 1:10:40]} 12. Ng3 {[%clk 1:32:56]} Bb7 {[%clk
1:09:15]} 13. Ra2 {[%clk 1:26:35]} Ne7 {[%clk 0:55:53]} 14. Re2 {[%clk
1:23:04]} Qc8 {[%clk 0:50:17]} 15. Bb2 {[%clk 1:18:45]} Ba6 {[%clk 0:49:40]}
16. e4 {[%clk 1:16:21]} Nd7 {[%clk 0:47:36]} 17. e5 {[%clk 1:15:07]} f5 {[%clk
0:45:47]} 18. f4 {[%clk 1:00:38]} Nf8 {[%clk 0:43:37]} 19. a4 {[%clk 0:44:02]}
Ne6 {[%clk 0:39:53]} 20. Rf3 {[%clk 0:41:42]} g6 {[%clk 0:38:44]} 21. Qd2
{[%clk 0:37:03]} Bxd3 {[%clk 0:38:48]} 22. Qxd3 {[%clk 0:36:47]} Qd7 {[%clk
0:39:07]} 23. Qd1 {[%clk 0:29:49]} Rac8 {[%clk 0:37:24]} 24. Nf1 {[%clk
0:22:12]} cxd4 {[%clk 0:32:40]} 25. cxd4 {[%clk 0:21:30]} Rc4 {[%clk 0:32:59]}
26. Ne3 {[%clk 0:17:18]} Qxa4 {[%clk 0:32:21]} 27. Qxa4 {[%clk 0:17:22]} Rxa4
{[%clk 0:32:44]} 28. g4 {[%clk 0:17:45]} Rxd4 {[%clk 0:23:38]} 29. gxf5 {[%clk
0:15:39]} Rxf4 {[%clk 0:23:59]} 30. Kg2 {[%clk 0:11:03]} Nxf5 {[%clk 0:20:51]}
31. Nxd5 {[%clk 0:10:33]} Rxf3 {[%clk 0:20:19]} 32. Kxf3 {[%clk 0:10:43]} Nfd4+
{[%clk 0:20:25]} 33. Kf2 {[%clk 0:10:51]} Nxe2 {[%clk 0:19:54]} 34. Nf6+ {[%clk
0:11:02]} Kf7 {[%clk 0:20:16]} 35. Nxe8 {[%clk 0:11:05]} Kxe8 {[%clk 0:20:37]}
0-1

[Event "DVM U20 2019"]
[Site "Braunschweig GER"]
[Date "2019.12.28"]
[Round "3"]
[White "Hoffmann, Jens"]
[Black "Roseneck, Jonas"]
[Result "0-1"]
[Termination "normal"]
[Board "3.1"]
[BlackTitle "FM"]
[WhiteElo "2113"]
[BlackElo "2417"]
[WhiteClock "00:15:07"]
[BlackClock "00:27:50"]
[WhiteTeam "SF HN-Biberach 1978 e.V."]
[BlackTeam "SG Aufbau Elbe Magdeburg"]
[PlyCount "87"]
[WhiteFideId "12946320"]
[BlackFideId "12939870"]
[EventCountry "GER"]
[EventRounds "7"]
[EventType "team-swiss"]
[EventDate "2019.12.26"]

1. e4 {[%clk 1:30:58]} c5 {[%clk 1:30:55]} 2. Nf3 {[%clk 1:31:24]} d6 {[%clk
1:31:21]} 3. d4 {[%clk 1:31:48]} cxd4 {[%clk 1:31:48]} 4. Nxd4 {[%clk 1:32:14]}
Nf6 {[%clk 1:32:14]} 5. Nc3 {[%clk 1:32:38]} a6 {[%clk 1:32:41]} 6. Be3 {[%clk
1:32:51]} e5 {[%clk 1:33:07]} 7. Nb3 {[%clk 1:33:16]} Be6 {[%clk 1:33:32]} 8.
f3 {[%clk 1:33:40]} h5 {[%clk 1:33:59]} 9. Qd2 {[%clk 1:31:48]} Nbd7 {[%clk
1:34:17]} 10. a4 {[%clk 1:25:05]} Be7 {[%clk 1:29:08]} 11. Be2 {[%clk 1:19:25]}
O-O {[%clk 1:09:52]} 12. a5 {[%clk 1:18:28]} b5 {[%clk 0:54:44]} 13. axb6
{[%clk 1:15:08]} Nxb6 {[%clk 0:55:09]} 14. O-O {[%clk 0:56:41]} d5 {[%clk
0:48:43]} 15. exd5 {[%clk 0:56:53]} Nbxd5 {[%clk 0:48:02]} 16. Nxd5 {[%clk
0:50:46]} Nxd5 {[%clk 0:48:10]} 17. Rxa6 {[%clk 0:36:41]} Rxa6 {[%clk 0:38:21]}
18. Bxa6 {[%clk 0:37:04]} Nb4 {[%clk 0:38:35]} 19. Qe2 {[%clk 0:32:32]} Qc7
{[%clk 0:31:26]} 20. Bd3 {[%clk 0:27:16]} Nxd3 {[%clk 0:23:33]} 21. Qxd3 {[%clk
0:27:15]} Rd8 {[%clk 0:23:59]} 22. Qc3 {[%clk 0:21:51]} Qxc3 {[%clk 0:22:30]}
23. bxc3 {[%clk 0:22:15]} Rc8 {[%clk 0:14:45]} 24. Bd2 {[%clk 0:20:13]} Bf5
{[%clk 0:14:23]} 25. Kf2 {[%clk 0:02:20]} Bxc2 {[%clk 0:14:16]} 26. Nc1 {[%clk
0:02:36]} Bc5+ {[%clk 0:12:15]} 27. Be3 {[%clk 0:00:57]} Bxe3+ {[%clk 0:10:15]}
28. Kxe3 {[%clk 0:01:26]} Rxc3+ {[%clk 0:10:39]} 29. Kd2 {[%clk 0:01:49]} Rc6
{[%clk 0:04:08]} 30. Nd3 {[%clk 0:02:08]} Bb3 {[%clk 0:04:09]} 31. Ke3 {[%clk
0:00:51]} Rc2 {[%clk 0:04:05]} 32. Rf2 {[%clk 0:00:37]} Rxf2 {[%clk 0:04:30]}
33. Kxf2 {[%clk 0:00:36]} f6 {[%clk 0:04:53]} 34. h4 {[%clk 0:00:56]} Kf7
{[%clk 0:04:49]} 35. Ke3 {[%clk 0:00:48]} Bc2 {[%clk 0:04:59]} 36. Nb4 {[%clk
0:00:40]} Bf5 {[%clk 0:04:14]} 37. Na2 {[%clk 0:00:41]} Bd7 {[%clk 0:04:04]}
38. Nb4 {[%clk 0:00:44]} Bb5 {[%clk 0:03:43]} 39. Nd5 {[%clk 0:00:48]} Bc4
{[%clk 0:03:33]} 40. Nb4 {[%clk 0:00:41]} Ke6 {[%clk 0:03:31]} 41. Nc2 {[%clk
0:27:25]} Bb3 {[%clk 0:29:00]} 42. Nb4 {[%clk 0:26:51]} Kd6 {[%clk 0:28:18]}
43. Ke4 {[%clk 0:25:51]} Be6 {[%clk 0:27:50]} 44. g3 {[%clk 0:15:07]} *